00494nam a2200181 a 450000100060000000300080000600500170001400800410003103500190007204000290009104100080012008200290012824500540015726000290021130000200024065000340026071000180029446389BD-RjUL20211209054138.0160802s1965 pk 000 0 eng  a(BD-RjUL)46507 aLCbengcLCdLCdBD-RjUL aeng04a343.095491223bCOD 196510aCode of criminal procedure, 1898 /cCentral Govt. aAll Pak. :bLegal,c1965 a88 p. ;c25 cm. 0aCriminal procedurezPakistan. aCentral Govt.